Don Juan Tenorio
Salvato in:
| Autore principale: | |
|---|---|
| Natura: | Libro |
| Lingua: | spagnolo |
| Pubblicazione: |
Madrid
Cátedra
2007
|
| Edizione: | 27a. ed |
| Serie: | Letras Hispánicas, 114
|
| Soggetti: | |
| Tags: |
Aggiungi Tag
Nessun Tag, puoi essere il primo ad aggiungerne!!
|
MARC
| LEADER | 00000cam a2200000 a 4500 | ||
|---|---|---|---|
| 001 | UCG8067 | ||
| 003 | CL-VaPUC | ||
| 008 | 111118e20070000SP |||||||||||||||||spa|d | ||
| 020 | |a 9788437602134 | ||
| 082 | 0 | 4 | |a 862 |b ZOR |2 21 |
| 100 | 0 | |a Zorrilla y Moral, José |e author |9 558613 | |
| 245 | 1 | 0 | |a Don Juan Tenorio |
| 250 | |a 27a. ed | ||
| 300 | |a 219 p | ||
| 942 | |c BK | ||
| 945 | |d 20111118 00:00:00 |a dcastane | ||
| 260 | |a Madrid |b Cátedra |c 2007 | ||
| 650 | 0 | |a Teatro español |9 265077 | |
| 650 | 0 | |a Poesías españolas |9 265100 | |
| 583 | |a last modification |c 20111118 11:09:00 |k Rodrigo Vera | ||
| 490 | 0 | |a Letras Hispánicas, 114 | |
| 999 | |c 345706 |d 345704 | ||
| 952 | |0 0 |1 0 |4 0 |6 862_000000000000000_ZOR_2007 |7 0 |8 R |9 445504 |a BIBEDU |b BIBEDU |c MCIRC |d 2019-11-22 |i 4799844 |o 862 ZOR 2007 |p 4799844 |r 2023-01-13 |w 2019-11-22 |y BK_R |k LIT | ||